Statistical treatment of experimental data
Na minha lista:
| Autor principal: | |
|---|---|
| Formato: | Livro |
| Idioma: | inglês |
| Publicado em: |
Nueva York
McGraw-Hill Book Company
1962
|
| Assuntos: | |
| Tags: |
Adicionar Tag
Sem tags, seja o primeiro a adicionar uma tag!
|
MARC
| LEADER | 00000nam a2200000 a 4500 | ||
|---|---|---|---|
| 001 | UCH1874 | ||
| 003 | CL-VaPUC | ||
| 008 | 090514e19620000US |||||||||||||||||eng|d | ||
| 082 | 0 | 4 | |a 519.50285 |b YOU |2 21 |
| 100 | 0 | |a Young, Hugh D |e author |9 536453 | |
| 245 | 1 | 0 | |a Statistical treatment of experimental data |
| 300 | |a 172 p | ||
| 942 | |c BK | ||
| 945 | |d 20090514 00:00:00 |a dcastane | ||
| 260 | |a Nueva York |b McGraw-Hill Book Company |c 1962 | ||
| 650 | 0 | |a Estadística matemática |9 260028 | |
| 650 | 0 | |a Análisis estadístico |9 269506 | |
| 583 | |a last modification |c 20090514 00:00:00 |k Rodrigo Vera | ||
| 999 | |c 333771 |d 333769 | ||